000 00631nab a2200157Ia 4500
003 ES-SlBCS
005 20210601133742.0
008 140529s2011 xxu||||| |||| 00| 0 por d
041 _apor
100 1 _aCarvalho, Washington Luiz de
_9209257
245 0 0 _aFundamentos orientadores para as políticas públicas da educaçao física no regime militar (1964-1985)
_c Washington Luiz de Carvalho, Humberto Aparecido De Olivera Guido
650 0 4 _aEducación Física
_9106336
700 1 _aAparecido de Olivera Guido, Humberto
_9208998
773 0 _tEducaçao e Filosofia
_gvol. 25, nº. 50, 2011, págs. 583-606
_wRev1534
942 _cAR
999 _c601561
_d601561